Technically-write: communicating in a technological era (Record no. 4916)

000 -LEADER
fixed length control field 00559 a2200169 4500
020 ## - INTERNATIONAL STANDARD BOOK NUMBER
International Standard Book Number 0138987505
040 ## - CATALOGING SOURCE
Original cataloging agency DLC
Language of cataloging DLC
082 ## - DEWEY DECIMAL CLASSIFICATION NUMBER
Classification number 080.0666021
100 10 - MAIN ENTRY--PERSONAL NAME
Personal name Blicq, Ron S
9 (RLIN) 126947
245 10 - TITLE STATEMENT
Remainder of title Technically-write: communicating in a technological era
Title Technically-write: communicating in a technological era
Statement of responsibility, etc. /Ron S. Blicq.
250 ## - EDITION STATEMENT
Edition statement 3rd ed.
260 0# - PUBLICATION, DISTRIBUTION, ETC.
Place of publication, distribution, etc. Englewood Cliffs, N.J.
Name of publisher, distributor, etc. : Prentice-Hall
Date of publication, distribution, etc. , c1986.
300 ## - PHYSICAL DESCRIPTION
Extent xii, 411 p.
Other physical details : ill.
Dimensions ; 24 cm.
500 ## - GENERAL NOTE
General note Includes index.
650 #0 - SUBJECT ADDED ENTRY--TOPICAL TERM
Topical term or geographic name entry element Technical writing.
942 ## - ADDED ENTRY ELEMENTS (KOHA)
Koha item type Book
Call number prefix 808.0666021 BLI
Source of classification or shelving scheme
Holdings
Withdrawn status Lost status Damaged status Not for loan Collection code Permanent Location Current Location Shelving location Date acquired Source of acquisition Cost, normal purchase price Total Checkouts Full call number Barcode Date last seen Price effective from Koha item type
          Central Library (CL) Central Library (CL) General Stacks 11/20/2001 Zafar Photostat 340.37   808.0666021 BLI SEECS001467 11/15/2024 01/05/2017 Book
          Central Library (CL) Central Library (CL) General Stacks 11/20/2001 Zafar Photostat 340.37   808.0666021 BLI SEECS001466 11/14/2012 01/05/2017 Book
© 2023 Central Library, National University of Sciences and Technology. All Rights Reserved.